Letters from Spain : (Record no. 20844)

MARC details
000 -LEADER
campo de control de longitud fija 00933nam a2200253 i 4500
001 - NÚMERO DE CONTROL
campo de control 20844
003 - IDENTIFICADOR DE NÚMERO DE CONTROL
campo de control ES-MaACL
005 - FECHA Y HORA DE LA ÚLTIMA TRANSACCIÓN
campo de control 20250708063319.0
007 - CAMPO FIJO DE DESCRIPCIÓN FÍSICA--INFORMACIÓN GENERAL
campo de control de longitud fija t|
008 - DATOS DE LONGITUD FIJA--INFORMACIÓN GENERAL
campo de control de longitud fija 021119e1858 xxk ||||1| eng d
080 ## - NÚMERO DE LA CLASIFICACIÓN DECIMAL UNIVERSAL
Número de la Clasificación Decimal Universal 914.60"18"
100 1# - ENTRADA PRINCIPAL--NOMBRE DE PERSONA
Nombre de persona Adolphus, John Leycester,
Fechas asociadas al nombre 1795-1862
Término indicativo de función/relación Autor
9 (RLIN) 241227
245 10 - MENCIÓN DEL TÍTULO
Título Letters from Spain :
Resto del título in 1856 and 1857 /
Mención de responsabilidad, etc. by John Leycester Adolphus.
260 ## - PUBLICACIÓN, DISTRIBUCIÓN, ETC.
Lugar de publicación, distribución, etc. London :
Nombre del editor, distribuidor, etc. John Murray,
Fecha de publicación, distribución, etc. 1858
300 ## - DESCRIPCIÓN FÍSICA
Extensión XV, 409 páginas ;
Dimensiones 21 cm.
530 ## - NOTA DISPONIBLE DE FORMULARIO FÍSICO ADICIONAL
Nota de formato físico adicional disponible Disponible en formato digital
651 #4 - PUNTO DE ACCESO ADICIONAL DE MATERIA--NOMBRE GEOGRÁFICO
9 (RLIN) 8185
Nombre geográfico España-
Subdivisión general Descripción-
Subdivisión cronológica S.XIX
852 ## - LOCALIZACIÓN
Ubicación ES-MaACL
Número de control de estantería G-9601
Ubicación en estantería Sala Pecera Planta 3
856 ## - LOCALIZACIÓN Y ACCESO ELECTRÓNICOS
Identificador Uniforme de Recursos <a href="http://hdl.handle.net/10357/66341">http://hdl.handle.net/10357/66341</a>
Texto de enlace Versión en línea
Nota pública (Memoria Digital Vasca)
856 ## - LOCALIZACIÓN Y ACCESO ELECTRÓNICOS
Identificador Uniforme de Recursos <a href="https://archive.org/details/lettersfromspai00adolgoog/page/n3/mode/2up">https://archive.org/details/lettersfromspai00adolgoog/page/n3/mode/2up</a>
Texto de enlace Versión en línea
Nota pública (Internet Archive)
942 ## - ELEMENTOS DE ENTRADA SECUNDARIOS (KOHA)
Fuente del sistema de clasificación o colocación Clasificación decimal universal
Tipo de ítem Koha Libro impreso antiguo
Suprimir en OPAC No
Holdings
Estatus retirado Estado de pérdida Estado de daño No para préstamo Biblioteca de origen Biblioteca actual Ubicación en estantería Fecha de adquisición Fuente de adquisición Total de préstamos Signatura topográfica completa Código de barras Visto por última vez Precio de reemplazo Tipo de ítem Koha
        Biblioteca del Ateneo de Madrid Biblioteca del Ateneo de Madrid Sala Pecera Planta 3 17/01/2008     G-9601 1021406 23/02/2023 23/02/2023 Libro impreso antiguo